000 00489nam a22001697a 4500
003 BD-DhUL
005 20170921150133.0
008 170921s1981 xx ||||| |||| 00| 0 ara d
040 _aBD-DhUL
_cBD-DhUL
082 _a892.76
_bZAS
100 1 _aزیدان، زیدان
245 1 0 _aثمرات قلم /
_cمحمد حسین زیدان
260 _aجدہ :
_bدارالاضھاتی،
_c۱۹۸۱۔
300 _aص۔ ۱۵۴ ؛
_c۲۴ سم۔
650 0 _aArabic letters
942 _2ddc
_cBK
999 _c214245
_d214245